|
|
|
|
| LEADER |
01823cas a2200277 a 4500 |
| 001 |
AALejournalIMF006146 |
| 008 |
230101c9999 xx r poo 0 0eng d |
| 020 |
|
|
|c 5.00 USD
|
| 020 |
|
|
|z 9781451874013
|
| 022 |
|
|
|a 1018-5941
|
| 040 |
|
|
|a BD-DhAAL
|c BD-DhAAL
|
| 100 |
1 |
|
|a Laxton, Douglas.
|
| 245 |
1 |
0 |
|a Fiscal Stimulus to the Rescue? :
|b Short-Run Benefits and Potential Long-Run Costs of Fiscal Deficits /
|c Douglas Laxton, Dirk Muir, Michael Kumhof, Susanna Mursula.
|
| 264 |
|
1 |
|a Washington, D.C. :
|b International Monetary Fund,
|c 2009.
|
| 300 |
|
|
|a 1 online resource (40 pages)
|
| 490 |
1 |
|
|a IMF Working Papers
|
| 500 |
|
|
|a <strong>Off-Campus Access:</strong> No User ID or Password Required
|
| 500 |
|
|
|a <strong>On-Campus Access:</strong> No User ID or Password Required
|
| 506 |
|
|
|a Electronic access restricted to authorized BRAC University faculty, staff and students
|
| 520 |
3 |
|
|a This paper uses the IMF's Global Integrated Monetary and Fiscal Model to compute shortrun multipliers of fiscal stimulus measures and long-run crowding-out effects of higher debt. Multipliers of two-year stimulus range from 0.2 to 2.2 depending on the fiscal instrument, the extent of monetary accommodation and the presence of a financial accelerator mechanism. A permanent 0.5 percentage point increase in the U.S. deficit to GDP ratio raises the U.S. tax burden and world real interest rates in the long run, thereby reducing U.S. and rest of the world output by 0.3-0.6 and 0.2 percent, respectively.
|
| 538 |
|
|
|a Mode of access: Internet
|
| 700 |
1 |
|
|a Kumhof, Michael.
|
| 700 |
1 |
|
|a Muir, Dirk.
|
| 700 |
1 |
|
|a Mursula, Susanna.
|
| 830 |
|
0 |
|a IMF Working Papers; Working Paper ;
|v No. 2009/255
|
| 856 |
4 |
0 |
|z Full text available on IMF
|u http://elibrary.imf.org/view/journals/001/2009/255/001.2009.issue-255-en.xml
|z IMF e-Library
|